000 01695nam a2200505 i 4500
001 51500
003 KOSZ 005
005 20190924121711.0
008 041203s2004 pl a |000 0 pol
015 _aPB 2005/1887
020 _a8391540790
035 _a991024964819705066
035 _a(PL-WaBN)b16813169-48omnis_nlop
035 _ab16813169
035 _a(OCoLC)749486880
035 _a(PL)b0000001681316
035 _a(EXLNZ-48OMNIS_NETWORK)9910516656705606
040 _aWA N
_cWA N
_dKOSZ 005/HR
041 0 _apol
046 _k2004
080 _a747(438)"20"
080 _a(084.121)
100 1 _aDługosz, Hanna
_eAutor
245 1 0 _aLuksus w wielkim mieście /
_cHanna Długosz ; projekt graficzny Beata Cieśla.
260 _aWarszawa :
_b"Murator",
_c2004.
300 _a243, [4] s. :
_bil. (gł. kolor.), portr. ;
_c34 cm.
336 _2rdacontetnt
_aObrzaz
_bsti
336 _2rdacontent
_aTekst
_btxt
337 _2rdamedia
_aBez urządzenia pośredniczącego
_bn
338 _2rdacarrier
_aWolumin
_bnc
380 _aAlbumy i książki artystyczne
380 _aKsiążki
388 1 _a2001-
500 _aNa obwol. podtyt.: mieszkania początku XXI wieku, 26 pomysłów polskich projektantów wnętrz.
648 7 _a2001-
_2DBN
650 7 _aWnętrza architektoniczne
_2DBN
651 _aPolska
655 7 _aAlbum
_2DBN
655 7 _aFotografia polska
_2DBN
658 _aArchitektura i budownictwo
700 1 _aCieśla, Beata
_eIlustracje
856 _uhttp://koha.tu.koszalin.pl/cgi-bin/koha/opac-detail.pl?biblionumber=51500
_yKatalog online BPK
942 _2UKD
_cKS
999 _c51500
_d51500